[Event "1st Killer Chess Training Open 2023"]
[Site "Copenhagen"]
[Date "2023.10.20"]
[Round "7.8"]
[White "Cherniack, Alex"]
[Black "Moe, Mogens"]
[Result "1-0"]
[WhiteElo "2173"]
[BlackElo "2103"]
[EventDate "2023.10.14"]
[EventType "swiss"]
[EventRounds "9"]
[EventCountry "DEN"]
[SourceTitle "Live v. Obro Skakforening"]

1. e4   c5  2. Nf3   Nc6  3. d4   cxd4  4. Nxd4   g6  5. Nc3   Bg7  6. Be3   Nf6  7. Bc4   O-O  8. Bb3   a5  9. O-O   a4  10. Nxa4  10... Nxe4  11. Nb5   Rxa4  12. Bxa4   Qa5  13. c3   d6  14. Nd4   Bd7  15. Bc2   Nf6  16. h3   Nd5  17. Nb3   Qb5  18. Qd3   Qxd3  19. Bxd3   Nxe3  20. fxe3  20... Ne5  21. Be2   Bh6  22. Kf2   f5  23. Nd4   Nc6  24. Nxc6   Bxc6  25. Bf3   Rc8  26. Rfd1   Kf7  27. Rd4   Bf8  28. Rb4   d5  29. Rd4   Bg7  30. Bxd5+  30... e6  31. Bxc6   Bxd4  32. Bxb7   Rb8  33. exd4   Rxb7  34. b4   Rc7  35. a4   Rxc3  36. a5   Rc8  37. b5   Ke7  38. b6   Kd6  39. a6  1-0

[Event "1st Killer Chess Training Open 2023"]
[Site "Copenhagen"]
[Date "2023.10.20"]
[Round "7.9"]
[White "Skonnord, Uno"]
[Black "Perets, Dmytro"]
[Result "1-0"]
[WhiteElo "2100"]
[BlackElo "2154"]
[EventDate "2023.10.14"]
[EventType "swiss"]
[EventRounds "9"]
[EventCountry "DEN"]
[SourceTitle "Live v. Obro Skakforening"]

1. e4   c5  2. Nc3   Nc6  3. Bb5   g6  4. Bxc6   dxc6  5. d3   Bg7  6. Be3   Qd6  7. Qd2   Nf6  8. f4   Ng4  9. e5   Qc7  10. Bxc5  10... Bxe5  11. fxe5   Qxe5+  12. Ne4   f5  13. Nf3   Qe6  14. Ng5   Qd5  15. c4   Qd8  16. Nf2   b6  17. Nxg4   bxc5  18. Ne5   Qd4  19. Ngf3  1-0

[Event "1st Killer Chess Training Open 2023"]
[Site "Copenhagen"]
[Date "2023.10.20"]
[Round "7.10"]
[White "Jacobsen, Mikkel Manosri"]
[Black "Roe, Simon J"]
[Result "1-0"]
[WhiteElo "2321"]
[BlackElo "2161"]
[EventDate "2023.10.14"]
[EventType "swiss"]
[EventRounds "9"]
[EventCountry "DEN"]
[SourceTitle "Live v. Obro Skakforening"]

1. d4   Nf6  2. Nf3   c5  3. e3   d5  4. a3   cxd4  5. exd4   g6  6. Bf4   Bg7  7. Be2   Nc6  8. c3   O-O  9. O-O   Nh5  10. Be3  10... Qc7  11. Re1   Nf4  12. Bf1   Bf5  13. Ne5   Nh5  14. g4   Bxb1  15. Rxb1   Nf6  16. Bf4   Qd8  17. h3   e6  18. Bd3   Nd7  19. Nf3   Rc8  20. Kg2  20... Re8  21. Bg3   a6  22. Rc1   Qb6  23. Rc2   Na5  24. Rce2   Nc4  25. Qc2   Qc6  26. h4   Nf6  27. h5   Nxg4  28. hxg6   hxg6  29. Bxg6   Nf6  30. Bxf7+  30... Kxf7  31. Ng5+   Kg8  32. Qg6   Qd7  33. Be5   Nxe5  34. dxe5   Ne4  35. Rxe4   dxe4  36. Rh1   Kf8  37. Nh7+   Ke7  38. Nf6   Rg8  39. Nxd7   Bxe5  40. Rh7+  40... Kd6  41. Nxe5   Kxe5  42. Rg7   Kd5  1-0

[Event "1st Killer Chess Training Open 2023"]
[Site "Copenhagen"]
[Date "2023.10.20"]
[Round "7.12"]
[White "Thorsen, Adrian Stenstrop"]
[Black "Medhus, Vitus Bondo"]
[Result "0-1"]
[WhiteElo "2165"]
[BlackElo "2061"]
[EventDate "2023.10.14"]
[EventType "swiss"]
[EventRounds "9"]
[EventCountry "DEN"]
[SourceTitle "Live v. Obro Skakforening"]

1. c4   c5  2. Nc3   g6  3. g3   Bg7  4. Bg2   Nc6  5. e4   e5  6. Nge2   d6  7. O-O   h5  8. h4   a6  9. d3   Rb8  10. a4  10... Nge7  11. Be3   O-O  12. Qd2   Nd4  13. Rab1   Nec6  14. Bg5   f6  15. Bh6   Nxe2+  16. Nxe2   b5  17. axb5   axb5  18. Bxg7   Kxg7  19. f4   bxc4  20. dxc4  20... Rb3  21. Rf3   Qb6  22. Rd3   Bg4  23. Rxd6   Bxe2  24. Qxe2   Nd4  25. Rd7+   Kg8  26. Qf2   Qe6  27. Rd5   Qg4  28. Rf1   Ne2+  29. Kh2   Rxg3  30. Qxe2  30... Qxe2  31. Kxg3   Qe3+  32. Kh2   exf4  33. Rf3   Qxe4  34. Rxc5   Qd4  35. Rc7   Qxb2  36. c5   Rd8  0-1

[Event "1st Killer Chess Training Open 2023"]
[Site "Copenhagen"]
[Date "2023.10.21"]
[Round "8.1"]
[White "Rasmussen, Allan Stig"]
[Black "Arizmendi Martinez, Julen Luis"]
[Result "0-1"]
[WhiteElo "2510"]
[BlackElo "2515"]
[EventDate "2023.10.14"]
[EventType "swiss"]
[EventRounds "9"]
[EventCountry "DEN"]
[SourceTitle "Live v. Obro Skakforening"]

1. d4   Nf6  2. Nf3   d5  3. c4   e6  4. g3   Bb4+  5. Bd2   Be7  6. Bg2   c6  7. Qc2   Nbd7  8. O-O   b6  9. b3   Bb7  10. Nc3  10... Rc8  11. Rad1   Ba6  12. e4   dxc4  13. Rfe1   O-O  14. h4   c5  15. d5   e5  16. bxc4   Bxc4  17. d6   Bxd6  18. Bg5   Qe7  19. Qa4   b5  20. Nxb5  20... Bxb5  21. Qxb5   h6  22. Bc1   c4  23. Bh3   Rc7  24. Qa5   Nb6  25. Re2   c3  26. Rd3   Rc4  27. Bf5   g6  28. Bh3   Kg7  29. Qb5   Nxe4  30. h5  30... Rb4  31. Qc6   Rc4  32. Qb5   Qf6  33. Kg2   Nc5  34. Rd1   e4  35. Nh4   Rd4  36. Rf1   Nd3  37. Be3   Rd5  38. Qc6   Rxh5  39. Qxe4   Nc5  40. Qc6  40... Nc4  41. Rd1   Nxe3+  42. Rxe3   Rd8  43. Rc1   Be5  44. Qxc5   Bd4  45. Qe7   Bxe3  46. Qxe3   Qc6+  47. Kh2   c2  48. Bg4   Ra5  49. Qb3   Rd2  50. Qe3  50... Rd8  51. Qb3   Rd2  52. Qe3   Rad5  53. Nf3   Rd1  54. Ne5   Qf6  55. Nd7   Rxd7  56. Rxc2   R1d3  57. Qc5   R3d5  58. Qa3   Rd2  59. Qc5   R7d5  0-1

[Event "1st Killer Chess Training Open 2023"]
[Site "Copenhagen"]
[Date "2023.10.21"]
[Round "8.2"]
[White "Chatalbashev, Boris"]
[Black "Brunello, Sabino"]
[Result "1/2-1/2"]
[WhiteElo "2467"]
[BlackElo "2486"]
[EventDate "2023.10.14"]
[EventType "swiss"]
[EventRounds "9"]
[EventCountry "DEN"]
[SourceTitle "Live v. Obro Skakforening"]

1. Nf3   d5  2. g3   c6  3. Bg2   Bf5  4. O-O   e6  5. d3   h6  6. c4   dxc4  7. d4   Nd7  8. Nbd2   c3  9. bxc3   Ngf6  10. Re1  10... Be7  11. e4   Bh7  12. e5   Nd5  13. c4   Nc7  14. Ne4   Bxe4  15. Rxe4   b5  16. Rg4   Kf8  17. Nd2   bxc4  18. Bxc6   c3  19. Nc4   Rc8  20. Qf3  20... g5  21. h4   Nb6  22. hxg5   hxg5  23. Nd6   Bxd6  24. exd6   Ncd5  25. Bxg5   Qxd6  26. Bf6   Qxc6  27. Bxh8   Ke7  28. Be5   Nd7  29. Rg7   N5f6  30. Bxf6+  30... Nxf6  31. Qxc6   Rxc6  32. Rc1   Nd5  33. Rg8   Nb4  34. Rb8   a5  35. a3   Nd3  36. Rc2   Ne1  37. d5   Rc5  38. Rc1   Nd3  39. d6+   Kd7  40. Rc2  40... Ne1  41. Rc1   Nd3  42. Rc2   Ne1  43. Rc1   Nd3  44. Rc2   Ne1  1/2-1/2

[Event "1st Killer Chess Training Open 2023"]
[Site "Copenhagen"]
[Date "2023.10.21"]
[Round "8.3"]
[White "Haubro, Martin"]
[Black "Hector, Jonny"]
[Result "1-0"]
[WhiteElo "2405"]
[BlackElo "2436"]
[EventDate "2023.10.14"]
[EventType "swiss"]
[EventRounds "9"]
[EventCountry "DEN"]
[SourceTitle "Live v. Obro Skakforening"]

1. e4   e5  2. Nf3   Nc6  3. Bb5   a6  4. Ba4   Bc5  5. c3   Nge7  6. d4   exd4  7. cxd4   Bb4+  8. Nc3   d5  9. e5   O-O  10. h3  10... Bf5  11. O-O   Ba5  12. Be3   Bb6  13. Rc1   h6  14. Re1   f6  15. exf6   Rxf6  16. Ne5   Nxe5  17. dxe5   Rg6  18. Bb3   c6  19. Bxb6   Qxb6  20. Na4  20... Qb4  21. Re3   Rf8  22. Qe2   Qh4  23. Kh2   Bg4  24. Qe1   Rxf2  25. Kg1   Bxh3  26. Qxf2   Rxg2+  27. Qxg2   Bxg2  28. Kxg2   Nf5  29. Rce1   Qg4+  30. Kf2  30... Qf4+  31. Rf3   Qh2+  32. Kf1   Ng3+  33. Rxg3   Qxg3  34. e6   Qf3+  35. Kg1   Qg3+  36. Kf1   Kf8  37. e7+   Ke8  38. Nc5   Qf4+  39. Kg2   Qb4  40. Re2  40... Qxc5  41. Bc2   Qd6  42. Bf5   d4  43. Kh3   d3  44. Re6   Qxe6  45. Bxe6   Kxe7  46. Bf5   d2  47. Bc2   Kf6  48. Kg4   g5  49. Kf3   Ke5  50. Ke3  50... h5  51. Kxd2   Kf4  52. Ke2   g4  53. Kf2   a5  54. Bb3   h4  55. Be6   h3  56. Bc8   b6  57. Bd7   c5  58. a4   g3+  59. Ke2   h2  60. Bc6  60... c4  61. Bg2   Ke5  62. Ke3   Kf5  63. Kf3   Ke5  64. Ke3   Kf5  65. Bh1   Ke5  66. Be4   c3  67. bxc3   b5  68. axb5   a4  69. b6   Kd6  70. b7  70... Kc7  71. Kd2  1-0

[Event "1st Killer Chess Training Open 2023"]
[Site "Copenhagen"]
[Date "2023.10.21"]
[Round "8.5"]
[White "Holinka, Henning"]
[Black "Cherniack, Alex"]
[Result "0-1"]
[WhiteElo "2263"]
[BlackElo "2173"]
[EventDate "2023.10.14"]
[EventType "swiss"]
[EventRounds "9"]
[EventCountry "DEN"]
[SourceTitle "Live v. Obro Skakforening"]

1. e4   e5  2. Nf3   Nc6  3. Bc4   Nf6  4. d3   Be7  5. Nc3   d6  6. a4   O-O  7. Bd2   Be6  8. Nd5   Bxd5  9. exd5   Nb8  10. O-O  10... Nbd7  11. a5   c6  12. dxc6   bxc6  13. b4   d5  14. Ba2   Rb8  15. Rb1   Qc7  16. c4   c5  17. cxd5   cxb4  18. Qa4   Qd6  19. Qc6   Rfc8  20. Bxb4  20... Rxc6  21. Bxd6   Rxd6  22. Rxb8+   Nxb8  23. Nxe5   Nxd5  24. Rb1   Nd7  25. Nc4   Rc6  26. Rb7   Rc7  27. a6   Rxb7  28. axb7   Nb8  29. Ne5   Bf6  30. Ng4  30... Nc3  31. Nxf6+   gxf6  32. Bc4   a5  33. f3   a4  34. Kf2   a3  35. Ke3   a2  36. Bxa2   Nxa2  37. Kd4   Nb4  38. Kc4   N4c6  39. Kc5   Kf8  40. Kd6  40... Ke8  41. f4   Kd8  42. g3   Na5  0-1

[Event "1st Killer Chess Training Open 2023"]
[Site "Copenhagen"]
[Date "2023.10.21"]
[Round "8.6"]
[White "Sgircea, Silvia Raluca"]
[Black "Loftgaard, Mikkel Vinh"]
[Result "1-0"]
[WhiteElo "2225"]
[BlackElo "2151"]
[EventDate "2023.10.14"]
[EventType "swiss"]
[EventRounds "9"]
[EventCountry "DEN"]
[SourceTitle "Live v. Obro Skakforening"]

1. Nf3   Nf6  2. c4   e6  3. Nc3   d5  4. e3   Bd6  5. b3   O-O  6. Bb2   c6  7. d4   Nbd7  8. Be2   Re8  9. O-O   Qe7  10. Qc2  10... dxc4  11. Bxc4   e5  12. Ng5   Nd5  13. Qxh7+  1-0

[Event "1st Killer Chess Training Open 2023"]
[Site "Copenhagen"]
[Date "2023.10.21"]
[Round "8.7"]
[White "Vuelban, Virgilio"]
[Black "Skonnord, Uno"]
[Result "0-1"]
[WhiteElo "2232"]
[BlackElo "2100"]
[EventDate "2023.10.14"]
[EventType "swiss"]
[EventRounds "9"]
[EventCountry "DEN"]
[SourceTitle "Live v. Obro Skakforening"]

1. e3   e5  2. c4   Nf6  3. Nc3   Bb4  4. Nge2   O-O  5. a3   Be7  6. d4   exd4  7. Nxd4   d5  8. Nf3   dxc4  9. Qxd8   Rxd8  10. Bxc4  10... Bg4  11. h3   Bxf3  12. gxf3   Nbd7  13. f4   a6  14. Ke2   b5  15. Bb3   Nb6  16. Bd2   c5  17. Rhd1   Rd7  18. Be1   Rad8  19. Rxd7   Rxd7  20. f3  20... Kf8  21. Rc1   Ke8  22. Bg3   Nbd5  23. Nxd5   Nxd5  24. e4   Nf6  25. e5   Nh5  26. Bh2   Rd4  27. Ke3   g6  28. Rd1   Ng7  29. Rxd4   Nf5+  30. Ke4  30... Nxd4  31. Bd1   Kd7  32. Kd5   Ne6  33. Bc2   f5  34. exf6   Bxf6  35. b3   Nd4  36. Bd1   Nf5  37. Kxc5   Bd4+  38. Kb4   Kc6  39. a4   Ne3  40. Be2  40... Nd5+  41. Ka3   b4+  42. Ka2   Nc3+  43. Kb2   Nxe2+  44. Kc2   Bg1  0-1

[Event "1st Killer Chess Training Open 2023"]
[Site "Copenhagen"]
[Date "2023.10.21"]
[Round "8.8"]
[White "Lauritsen, Martin Lee"]
[Black "Castellanos Rodriguez, Reiner"]
[Result "0-1"]
[WhiteElo "2088"]
[BlackElo "2487"]
[EventDate "2023.10.14"]
[EventType "swiss"]
[EventRounds "9"]
[EventCountry "DEN"]
[SourceTitle "Live v. Obro Skakforening"]

1. e4   c5  2. Nf3   e6  3. d4   cxd4  4. Nxd4   a6  5. Nc3   Qc7  6. Bd3   Nf6  7. O-O   d6  8. Kh1   Nbd7  9. f4   b5  10. a3  10... Bb7  11. Qe2   Be7  12. Bd2   Nc5  13. Rae1   Qd7  14. b4   Nxd3  15. cxd3   Rc8  16. h3   O-O  17. Rc1   h6  18. Qf3   Nh7  19. Qg3   f5  20. Qe3  20... Rfe8  21. Kh2   Bf8  22. Nce2   fxe4  23. dxe4   Nf6  24. e5   Ne4  25. Nc3   Nxd2  26. Qxd2   dxe5  27. fxe5   Be7  28. Qd3   Bg5  29. Rc2   Red8  30. Nce2  30... Qd5  31. Qg3   Rxc2  32. Nxc2   Qe4  33. Ncd4   Rxd4  34. Nxd4   Qxd4  35. Kh1   Bd5  36. Kh2   Qe4  37. Rf3   Bc1  38. Rf2   Be3  39. Rf1   Bd4  40. Kh1  40... Bxe5  41. Qf2   Bd4  42. Qg3   Kh7  43. Re1   Qf5  44. Rd1   e5  45. Kh2   Bc4  46. Kh1   Qc2  0-1

[Event "1st Killer Chess Training Open 2023"]
[Site "Copenhagen"]
[Date "2023.10.21"]
[Round "8.9"]
[White "Medhus, Vitus Bondo"]
[Black "Jacobsen, Mikkel Manosri"]
[Result "0-1"]
[WhiteElo "2061"]
[BlackElo "2321"]
[EventDate "2023.10.14"]
[EventType "swiss"]
[EventRounds "9"]
[EventCountry "DEN"]
[SourceTitle "Live v. Obro Skakforening"]

1. e4   c6  2. d4   d5  3. f3   dxe4  4. fxe4   e5  5. Nf3   Bg4  6. c3   Nd7  7. Be2   Bd6  8. Nbd2   b5  9. a4   a6  10. O-O  10... Ngf6  11. Nxe5   Bxe2  12. Qxe2   Bxe5  13. dxe5   Nxe5  14. Rf5   Nfd7  15. Nf3   Nxf3+  16. Qxf3   O-O  17. Bf4   Re8  18. e5   Re6  19. Rd1   Qe8  20. Rh5  20... g6  21. Rh6   bxa4  22. Qh3   Nf8  23. Rh4   f6  24. Rf1   Ra7  25. Be3   Rf7  26. Rxa4   Rxe5  27. Bd4   Re1  28. Rxa6   Rxf1+  29. Kxf1   c5  30. Rxf6  30... cxd4  31. Rxf7   Qxf7+  32. Ke2   Qc4+  33. Qd3   Qxd3+  34. Kxd3   dxc3  35. Kxc3   Kf7  36. Kc4   Ke6  37. b4   Nd7  38. b5   Ke5  39. Kd3   Nb6  40. Ke3  40... Nc4+  41. Kf3   Kf5  42. g4+   Ke5  43. g5   Kf5  44. Ke2   Ke4  45. h4   Kd4  46. Kf3   Ke5  47. Ke2   Ke4  48. Kf2   Kf4  49. Ke2   Kg4  50. Kd3  50... Nb6  51. Kd4   Kxh4  52. Kc5   Nc8  53. Kd5   Kxg5  54. Ke6   h5  0-1

[Event "1st Killer Chess Training Open 2023"]
[Site "Copenhagen"]
[Date "2023.10.21"]
[Round "8.10"]
[White "Perets, Dmytro"]
[Black "Nordenbaek, Jan"]
[Result "1-0"]
[WhiteElo "2154"]
[BlackElo "2156"]
[EventDate "2023.10.14"]
[EventType "swiss"]
[EventRounds "9"]
[EventCountry "DEN"]
[SourceTitle "Live v. Obro Skakforening"]

1. Nf3   Nf6  2. g3   g6  3. Bg2   Bg7  4. c4   O-O  5. Nc3   c6  6. d4   d5  7. O-O   Ne4  8. cxd5   cxd5  9. Nxe4   dxe4  10. Ne5  10... Qd5  11. b3   Nd7  12. Bb2   Rd8  13. Qc2   f5  14. Rfd1   b6  15. Nc6   Re8  16. Nb4   Qd6  17. Qc4+   e6  18. Qc6   Qxc6  19. Nxc6   Bb7  20. Rdc1  20... Nc5  21. Ne5   Bxe5  22. dxe5   Ba6  23. Bf1   Rad8  24. Ba3   Rd5  25. Bxc5   bxc5  26. Rc2   Red8  27. Rac1   Rd1  28. Rxd1   Rxd1  29. Kg2   Rd5  30. e3  30... Bxf1+  31. Kxf1   Rxe5  32. Rc4   Rd5  33. Ra4   Rd7  34. Ra6   Rc7  35. Ke1   Kf7  36. Kd2   Kf6  37. h4   Ke5  38. Kc3   Kd5  39. Ra5   h6  40. b4  40... g5  41. hxg5   hxg5  42. Kb3   e5  43. bxc5   Rb7+  44. Kc3   Rb1  45. c6+   Kd6  46. Rxa7   Rf1  47. Rf7   Kxc6  48. Rxf5   Kd5  49. Rf6   g4  50. a4  50... Ra1  51. Kb3   Kc5  52. Re6   Kd5  53. Re8   Rb1+  54. Ka3   Ra1+  55. Kb4   Rb1+  56. Ka5   Rb2  57. Rf8   Ra2  58. Kb5   Rb2+  59. Ka6   Ra2  60. a5  60... Kc5  61. Rf5   Kd5  62. Kb6   Rb2+  63. Ka7   Ke6  64. Rf8   Ke7  65. Rg8   Rxf2  66. a6   Kd6  1-0

[Event "1st Killer Chess Training Open 2023"]
[Site "Copenhagen"]
[Date "2023.10.21"]
[Round "8.11"]
[White "Moe, Mogens"]
[Black "Praczukowski, Stanislaw"]
[Result "0-1"]
[WhiteElo "2103"]
[BlackElo "2146"]
[EventDate "2023.10.14"]
[EventType "swiss"]
[EventRounds "9"]
[EventCountry "DEN"]
[SourceTitle "Live v. Obro Skakforening"]

1. e4   c5  2. Nf3   d6  3. d4   cxd4  4. Nxd4   Nf6  5. Nc3   a6  6. Bg5   Nbd7  7. f4   Qc7  8. Qf3   h6  9. Bh4   g5  10. fxg5  10... hxg5  11. Bxg5   Qc5  12. Be3   Ne5  13. Qe2   Neg4  14. Bg1   Bh6  15. g3   Bd7  16. h3   Ne5  17. Nd1   Rc8  18. c3   Qa5  19. Qg2   Nc4  20. Bd3  20... Rg8  21. b4   Qc7  22. Ne2   Bd2+  23. Kf1   Ne5  24. Nf2   Nxd3  25. Nxd3   Bb5  26. Qf3   Qc4  27. Rd1   Nxe4  28. Nb2   Nxg3+  29. Kf2   Nxh1+  0-1

[Event "1st Killer Chess Training Open 2023"]
[Site "Copenhagen"]
[Date "2023.10.21"]
[Round "8.12"]
[White "Snedker, Oliver Kaehne"]
[Black "Zheng, Harry Z"]
[Result "0-1"]
[WhiteElo "1990"]
[BlackElo "2141"]
[EventDate "2023.10.14"]
[EventType "swiss"]
[EventRounds "9"]
[EventCountry "DEN"]
[SourceTitle "Live v. Obro Skakforening"]

1. e4   e5  2. Nf3   Nc6  3. Nc3   Nf6  4. Bb5   Bb4  5. O-O   O-O  6. Bxc6   dxc6  7. d3   Re8  8. h3   Bd6  9. Ne2   h6  10. Nh2  10... Nh5  11. Nc3   Qh4  12. Ng4   Re6  13. Kh2   Nf4  14. Bxf4   exf4  15. e5   Bxe5  16. Nxe5   Rxe5  17. Ne4   Be6  18. Qf3   Re8  19. c4   Bxc4  20. Nf6+  20... Qxf6  21. dxc4   g5  22. Rfd1   Re2  23. b3   Qb2  24. Rdb1   Qd4  25. Kg1   b5  26. Rd1   Qf6  27. cxb5   cxb5  28. a4   a6  29. axb5   axb5  30. Rac1  30... Qe5  31. Qc6   Kg7  32. Kf1   Re7  33. Kg1   b4  34. Qf3   c5  35. Qd3   Ra7  36. Qb1   Raa2  37. Re1   Rab2  38. Qd3   Rxe1+  39. Rxe1   Qxe1+  0-1

[Event "1st Killer Chess Training Open 2023"]
[Site "Copenhagen"]
[Date "2023.10.22"]
[Round "9.1"]
[White "Brunello, Sabino"]
[Black "Haubro, Martin"]
[Result "1-0"]
[WhiteElo "2486"]
[BlackElo "2405"]
[EventDate "2023.10.14"]
[EventType "swiss"]
[EventRounds "9"]
[EventCountry "DEN"]
[SourceTitle "Live v. Obro Skakforening"]

1. c4   e5  2. g3   Nf6  3. Bg2   c6  4. Nf3   e4  5. Nd4   d5  6. cxd5   cxd5  7. d3   Qb6  8. Nc2   Bf5  9. Be3   Bc5  10. O-O  10... Nbd7  11. Nc3   exd3  12. exd3   O-O  13. Na4   Qd6  14. Bf4   Qa6  15. Nxc5   Nxc5  16. Nd4   Bxd3  17. Re1   Rfe8  18. Be3   Nce4  19. f3   Nd6  20. Qd2  20... Rac8  21. Bh3   Rcd8  22. b3   h6  23. a4   Nc8  24. Rad1   Bg6  25. Nb5   Re7  26. Bd4   Rxe1+  27. Rxe1   Nd6  28. Nxa7   Nf5  29. Bf1   Nxd4  30. Qxd4  30... Qa5  31. Re3   Re8  32. Nb5   Rxe3  33. Qxe3   Qb4  34. Kf2   Nd7  35. Nd4   Nc5  36. Be2   Kh7  37. h4   Qa3  38. g4   Qb2  39. Kg3   Bb1  40. h5  40... b6  41. Bb5   Nb7  42. Bc6   Nd6  43. Bxd5   g6  44. hxg6+   Bxg6  45. f4   Bb1  46. Qe5   Qc3+  47. Nf3   Qc5  48. Qd4   Qc7  49. Nd2   Bc2  50. Nc4  50... Nc8  51. Be4+   Bxe4  52. Qxe4+   Kg8  53. Qe8+   Kh7  54. Kf3   Na7  55. Qe4+   Kg8  56. Qe8+   Kh7  57. Qe5   Qd8  58. Nd6   Qf8  59. Qf6   Kg8  60. Nf5  60... Kh7  61. Qxb6  1-0

[Event "1st Killer Chess Training Open 2023"]
[Site "Copenhagen"]
[Date "2023.10.22"]
[Round "9.2"]
[White "Arizmendi Martinez, Julen Luis"]
[Black "Sgircea, Silvia Raluca"]
[Result "1-0"]
[WhiteElo "2515"]
[BlackElo "2225"]
[EventDate "2023.10.14"]
[EventType "swiss"]
[EventRounds "9"]
[EventCountry "DEN"]
[SourceTitle "Live v. Obro Skakforening"]

1. e4   c5  2. Nf3   Nc6  3. d4   cxd4  4. Nxd4   g6  5. c4   Nf6  6. Nc3   d6  7. Be2   Nxd4  8. Qxd4   Bg7  9. Be3   O-O  10. Qd3  10... a5  11. O-O   a4  12. Rad1   Qa5  13. Bd4   Be6  14. f4   Nd7  15. f5   Bxd4+  16. Qxd4   gxf5  17. exf5   Bxf5  18. Nd5   e5  19. Qh4   Bg6  20. Bg4  20... f5  21. Ne7+   Kg7  22. Bxf5   Qd8  23. Rxd6   Bxf5  24. Rxf5   Rxf5  25. Nxf5+   Kh8  26. Qh6  1-0

[Event "1st Killer Chess Training Open 2023"]
[Site "Copenhagen"]
[Date "2023.10.22"]
[Round "9.3"]
[White "Hacker, Jonas"]
[Black "Chatalbashev, Boris"]
[Result "1-0"]
[WhiteElo "2400"]
[BlackElo "2467"]
[EventDate "2023.10.14"]
[EventType "swiss"]
[EventRounds "9"]
[EventCountry "DEN"]
[SourceTitle "Live v. Obro Skakforening"]

1. e4   g6  2. d4   Bg7  3. Nc3   d6  4. Be3   a6  5. Qd2   b5  6. O-O-O   Bb7  7. f3   Nd7  8. h4   h5  9. Nh3   Ngf6  10. Ng5  10... e6  11. Kb1   Qe7  12. Ne2   Nb6  13. Nc1   Rb8  14. Nb3   Nc4  15. Qe1   Nd7  16. Bc1   c5  17. dxc5   dxc5  18. Na5   Nxa5  19. Qxa5   Ne5  20. Qe1  20... O-O  21. f4   Ng4  22. e5   Nh6  23. Qf2   c4  24. Be2   c3  25. b3   a5  26. a3   Rfc8  27. Bf3   a4  28. b4   Rc4  29. Bxb7   Qxb7  30. Rd3  30... Bf8  31. Rhd1   Be7  32. Rd7   Rc7  33. Rxc7   Qxc7  34. Ne4   Nf5  35. g3   Qc4  36. Qf3   Rc8  37. Qd3   Qc6  38. Qe2   Kg7  39. Ka1   Qc4  40. Qxc4  40... Rxc4  41. Nd6   Bxd6  42. exd6   Rd4  43. Rxd4   Nxd4  44. d7   Nc6  45. f5   e5  46. Be3   Kf6  47. fxg6   fxg6  48. Bg5+   Kf5  49. Kb1   Kg4  50. d8=Q  50... Nxd8  51. Bxd8   e4  52. Kc1   Kxg3  53. Bf6   e3  54. Bxc3   Kxh4  55. Kd1   Kg3  56. Ke2   h4  57. Be1+   Kg4  58. Kxe3   h3  59. Kf2   Kf4  60. Bd2+  1-0

[Event "1st Killer Chess Training Open 2023"]
[Site "Copenhagen"]
[Date "2023.10.22"]
[Round "9.4"]
[White "Skonnord, Uno"]
[Black "Rasmussen, Allan Stig"]
[Result "0-1"]
[WhiteElo "2100"]
[BlackElo "2510"]
[EventDate "2023.10.14"]
[EventType "swiss"]
[EventRounds "9"]
[EventCountry "DEN"]
[SourceTitle "Live v. Obro Skakforening"]

1. e4   c5  2. Nc3   a6  3. Nge2   e6  4. g3   b5  5. Bg2   Bb7  6. d4   cxd4  7. Nxd4   Nf6  8. O-O   d6  9. Re1   Qc8  10. a4  10... bxa4  11. Rxa4   Nbd7  12. Nb3   Bc6  13. Ra2   Rb8  14. Bf1   Rxb3  15. cxb3   Bb7  16. Bg2   Be7  17. Be3   O-O  18. h3   Ne5  19. Qe2   Nc6  20. Ra4  20... a5  21. Bb6   Nd7  22. Bxa5   Nc5  23. Ra3   Nxa5  24. Rxa5   Nxb3  25. Ra4   Nc5  26. Rd4   Ba6  27. Qe3   Qb8  28. Rd2   Nb3  29. Rc2   h6  30. h4  30... Bd8  31. Ne2   Bb6  32. Qf4   f5  33. e5   dxe5  34. Qa4   Bxe2  35. Rcxe2   e4  36. Rd1   Kh8  37. Kh2   Nc5  38. Qc4   Nd3  39. Rdd2   Nxf2  40. Qb3  40... e3  41. Rd7   f4  42. Qxe6   fxg3+  43. Kg1   Qc8  44. Re1   e2  45. Rd6   Qc5  46. Bf3   Nd3+  0-1